Gares de l'Oise - Statistiques

Statistiques générales
  • Ce quiz a été pris 78 fois
    25 depuis la dernière actualisation
  • Le résultat moyen est 23 sur 68
Statistiques - réponses
Nombre de voyageurs Gares % Correct
1 842 796 Beauvais
100%
5 392 059 Creil
100%
2 762 384 Chantilly - Gouvieux
95%
2 537 416 Compiègne
95%
953 660 Méru
90%
882 979 Pont Sainte Maxence
76%
638 091 Noyon
67%
2 070 795 Orry la Ville - Coye
67%
281 095 Liancourt - Rantigny
57%
1 641 932 Crépy en Valois
52%
738 540 Chambly
48%
1 062 992 Clermont de l'Oise
48%
148 582 La Borne Blanche
48%
55 887 Montataire
48%
47 637 Breteuil
43%
70 620 Marseille en Beauvaisis
43%
319 556 Bornel - Belle Eglise
38%
88 243 Grandvilliers
38%
519 462 Saint Just en Chaussée
38%
77 974 Abancourt
33%
64 751 Estrées Saint Denis
33%
204 405 Mouy - Bury
33%
10 804 Rochy - Condé
33%
123 708 Saint Leu d'Esserent
33%
305 958 Chaumont en Vexin
29%
130 883 Cirès lès Mello
29%
3 601 Cramoisy
29%
51 756 Esches
29%
14 393 Formerie
29%
132 485 Hermes - Berthecourt
29%
12 901 Jaux
29%
58 907 Laboissière le Déluge
29%
167 618 Laigneville
29%
10 090 Milly sur Thérain
29%
474 083 Nanteuil le Haudouin
29%
83 661 Précy sur Oise
29%
151 136 Ribécourt
29%
55 167 Thourotte
29%
34 716 Trie Château
29%
9 835 Balagny Saint Epin
24%
49 424 Boran sur Oise
24%
784 687 Le Plessis Belleville
24%
23 216 Liancourt Saint Pierre
24%
3 049 Montreuil sur Thérain
24%
35 137 Ormoy Villers
24%
13 013 Saint Omer en Chaussée
24%
152 935 Saint Sulpice - Auteuil
24%
86 012 Villers Saint Paul
24%
5 133 Heilles - Mouchy
19%
10 027 Herchies
19%
16 787 Lavilletertre
19%
44 755 Le Meux - Croix Saint Ouen
19%
34 598 Longueil Sainte Marie
19%
92 246 Mareuil sur Ourcq
19%
8 698 Rémy
19%
11 325 Villers Saint Sépulcre
19%
38 607 Chevrières
14%
31 951 Feuquières - Broquiers
14%
27 737 Longueil Annel
14%
152 756 Rieux - Angicourt
14%
236 Saint Rémy en l'Eau
14%
9 135 Appilly
10%
4 345 Avrechy
10%
4 677 Fouilloy
10%
2 969 Gannes
10%
61 346 Tricot
10%
1 863 Wacquemoulin
10%
3 086 Ourscamp
0%
Aucun quiz correspondant
Distribution des résultats
% des personnes avec chaque résultat
Percentile par nombre de réponses
Votre historique - résultats
Vous n’avez pas pris ce quiz depuis la dernière actualisation